Perianesthesia nursing : (Record no. 20790)
[ view plain ]
| 000 -LEADER | |
|---|---|
| fixed length control field | 00545nam a2200193 a 4500 |
| 005 - DATE AND TIME OF LATEST TRANSACTION | |
| control field | 20140310183252.0 |
| 008 - FIXED-LENGTH DATA ELEMENTS--GENERAL INFORMATION | |
| fixed length control field | 041020s19uu xx 00 eng d |
| 020 ## - INTERNATIONAL STANDARD BOOK NUMBER | |
| International Standard Book Number | 0721692575 |
| 050 ## - LIBRARY OF CONGRESS CALL NUMBER | |
| Classification number | RD 51.3 |
| Item number | .D73 2003 |
| 100 ## - MAIN ENTRY--PERSONAL NAME | |
| Personal name | Drain, Cecil B. |
| 245 ## - TITLE STATEMENT | |
| Title | Perianesthesia nursing : |
| Remainder of title | a critical care approach / |
| Statement of responsibility, etc | Cecil B. Drain. |
| 260 ## - PUBLICATION, DISTRIBUTION, ETC. (IMPRINT) | |
| Place of publication, distribution, etc | United States : |
| Name of publisher, distributor, etc | Saunders, |
| Date of publication, distribution, etc | 2003. |
| 300 ## - PHYSICAL DESCRIPTION | |
| Extent | 793 p. : |
| Dimensions | 27 cm. |
| 521 ## - TARGET AUDIENCE NOTE | |
| Target audience note | |
| 650 ## - SUBJECT ADDED ENTRY--TOPICAL TERM | |
| Topical term or geographic name as entry element | Post anesthesia nursing. |
| 650 ## - SUBJECT ADDED ENTRY--TOPICAL TERM | |
| Topical term or geographic name as entry element | Recovery rooms. |
| 942 ## - ADDED ENTRY ELEMENTS (KOHA) | |
| Koha item type | Books |
| Source of classification or shelving scheme | Library of Congress Classification |
| Call number prefix | Foreign |
| Withdrawn status | Lost status | Source of classification or shelving scheme | Damaged status | Home library | Current library | Shelving location | Date acquired | Total Checkouts | Full call number | Barcode | Date last seen | Copy number | Price effective from | Koha item type |
|---|---|---|---|---|---|---|---|---|---|---|---|---|---|---|
| Library of Congress Classification | College Library | College Library | General Circulation Section | 10/20/2004 | RD 51.3 .D73 2003 | C5369 | 05/15/2018 | 1 | 03/10/2014 | Books |